000 00465nam a2200181 a 4500
020 _a087901315X
040 _cDLC
082 0 0 _a580 WOR 1986 A023 Or.
100 1 _aRaven, Peter H.
245 1 0 _aBiology of plants /
250 _a4th ed.
260 _aNew York, N.Y. :
_bWorth Publishers,
_cc1986.
300 _axvi, 775 p. :
_bill. (some col.) ;
_c29 cm.
650 0 _aBotany.
700 1 _aEvert, Ray Franklin.
700 1 _aEichhorn, Susan E.
942 _cEK
999 _c16110
_d16110